Starts with 'OA' to 'OZ' Quiz Stats

 Plays Quiz Updated Nov 21, 2016

Score 0/24 Timer 04:00
0 Plays Today
Hint Word % Correct
A strong, often unpleasant smellodor
98.4%
Eight-tentacled marine molluskoctopus
97.3%
Home state of the Sooners and ThunderOklahoma
96.7%
An animal's youngoffspring
96.4%
To take an excessive amount of a drugoverdose
96.1%
Printed notice of deathobituary
95.8%
To possessown
95.6%
Form of oxygen in Earth's atmosphere that protects against UV raysozone
95.5%
Drug derived from poppiesopium
95.4%
Fertile area in an otherwise arid regionoasis
94.5%
Consumer of both plants and meatsomnivore
93.6%
Topical treatment for pain or injuryointment
93.5%
Hint Word % Correct
Pearl-bearing bivalveoyster
93.5%
A seemingly self-contradictory phraseoxymoron
92%
Continuing to occurongoing
92%
Dental specialist who straightens teethorthodontist
91.6%
To stare at lustfullyogle
90.9%
Small, outdoor restroom without plumbingouthouse
90%
SI unit of electrical resistanceohm
87.5%
Stuffed, upholstered footstoolottoman
86.6%
Character from Greek mythology with complicated parental relationshipsOedipus
85.8%
Variety of Chinese teaoolong
76.9%
To exclude or exileostracize
75.8%
Government controlled by a small groupoligarchy
73.8%

You're not logged in!

Compare scores with friends on all Sporcle quizzes.
OR
Log In

Sporcle TV

Today on Sporcle TV


Watch our educational content, quiz creation guides, and fun videos on Sporcle TV.

Show Comments

Extras

Top Quizzes Today


Score Distribution

Your Account Isn't Verified!

In order to create a playlist on Sporcle, you need to verify the email address you used during registration. Go to your Sporcle Settings to finish the process.

Report this User

Report this user for behavior that violates our Community Guidelines.

Details: